BSOP header

Believing in Jesus Christ brings us...{ch} / (Record no. 14432)

MARC details
000 -LEADER
fixed length control field 00592nam a2200181 4500
008 - FIXED-LENGTH DATA ELEMENTS--GENERAL INFORMATION
fixed length control field 030227s2000 -hk chi
090 ## - LOCALLY ASSIGNED LC-TYPE CALL NUMBER (OCLC); LOCAL CALL NUMBER (OCLC)
Classification number (OCLC) (R) ; Classification number, CALL (RLIN) (NR) BV4509.C5
Local cutter number (OCLC) ; Book number/undivided call number, CALL (RLIN) B41f
-- 2000
245 10 - TITLE STATEMENT
Title Believing in Jesus Christ brings us...{ch} /
Statement of responsibility, etc edited by Fu Bi-shian.
260 ## - PUBLICATION, DISTRIBUTION, ETC. (IMPRINT)
Place of publication, distribution, etc Hong Kong :
Name of publisher, distributor, etc Tien-Dao Chuan-Gee Association,
Date of publication, distribution, etc c2000.
300 ## - PHYSICAL DESCRIPTION
Extent 87 p.
490 1# - SERIES STATEMENT
Series statement Let's chat series;
Volume number/sequential designation 1
505 0# - FORMATTED CONTENTS NOTE
Formatted contents note vol. I
650 #4 - SUBJECT ADDED ENTRY--TOPICAL TERM
Topical term or geographic name as entry element Christianity{ch}.
650 #4 - SUBJECT ADDED ENTRY--TOPICAL TERM
Topical term or geographic name as entry element Faith{ch}.
650 #4 - SUBJECT ADDED ENTRY--TOPICAL TERM
Topical term or geographic name as entry element Witnesses{ch}.
951 ## - EQUIVALENCE OR CROSS-REFERENCE-GEOGRAPHIC NAME/AREA NAME [OBSOLETE] [CAN/MARC only]
General subdivision 00026712
700 1# - ADDED ENTRY--PERSONAL NAME
Personal name Fu Bi-shian
951 ## - EQUIVALENCE OR CROSS-REFERENCE-GEOGRAPHIC NAME/AREA NAME [OBSOLETE] [CAN/MARC only]
-- C-4396
-- BV4509.C5/B41f/2000-I
-- 070613111214343
-- 2000-12-21
-- CH
Holdings
Withdrawn status Lost status Damaged status Not for loan Home library Current library Shelving location Date acquired Accession number Shelving control number Total Checkouts Full call number Barcode Date last seen Price effective from Koha item type
        BSOP Library BSOP Library Chinese Books (General Circulation) 12/21/2000 C-4396 127   BV4509.C5/B41f/2000-I 00026712 02/23/2013 02/23/2013 Books
BSOP

Biblical Seminary of the Philippines
  All rights Reserved
  © 2024

CONTACT INFORMATION

Biblical Seminary of the Philippines,
  77-B Karuhatan Road, Valenzuela City,
  PHILIPPINES 1441
  Phone: +632 8292-6795 / 8292-6798
  Fax : +632 8292-6675
  Email: library@bsop.edu.ph